000 00559cam a2200193 4500500
005 20260329004517.0
041 _afre
042 _adc
100 1 0 _aOrtoli, Sven
_eauthor
245 0 0 _aIl est pas frais, mon poisson ?
260 _c2020.
500 _a69
690 _aExtinction
690 _aNature
690 _aPlastique
690 _aPoisson
786 0 _nPhilosophie magazine | 138 | 4-5 | 2020-04-01 | p. 6-6 | 1951-1787
856 4 1 _uhttps://shs.cairn.info/magazine-philosophie-magazine-2020-4-5-page-6?lang=fr&redirect-ssocas=7080
999 _c1834626
_d1834626